000 00730nam a2200205Ii 4500
003 JO-AjNU
008 230605s9999||||xx |||||||||||||| ||und||
040 _aJO-AjNU
_bara
_erda
_cJO-AjNU
041 _aara
050 1 4 _aPJ7814.Z55.S42 1998
100 3 _aالازعري، موسى,
_eauthor
_957515
245 0 0 _aذيب الصالح: رواية
250 _aط1
264 3 1 _aبيروت،عمان: المؤسسه العربيه للدراسات والنشر،دار الفارس للنشر والتوزيع،1998
300 _a439ص
336 _atext
_btxt
_2rdacontent
337 _aunmediated
_bn
_2rdamedia
338 _avolume
_bnc
_2rdacarrier
650 4 _aالروايه العريبه-العصر الحديث
_957516
999 _aA25780
_c29348
_d29348